000 00464nam a2200169Ia 4500
008 240729s9999 xx 000 0 und d
022 _a2288-8721
245 0 _aClinics in Shoulder and Elbow
260 _aKorea, Republic of
260 _bKorean Shoulder and Elbow Society
650 _a Orthopedic surgery
650 _a Surgery
650 _aMedicine
856 _uhttps://doaj.org/toc/0af0fc660dda4c90a3d6e732684994f6
942 _2ddc
942 _cDOAJEJ
999 _c67112
_d67112
945 _a1
_bMadushi Gamage
_c1
_dMadushi Gamage